Statistics for Grass Type Pokémon

Click here to take the quiz!

General Stats

  • This quiz has been taken 70 times
    (57 since last reset)
  • The average score is 77 of 105

Answer Stats

TypeNational Dex #Pokèmon% Correct
Grass/Poison001Bulbasaur
98%
Grass/Poison002Ivysaur
98%
Grass/Poison003Venusaur
98%
Grass/Poison044Gloom
95%
Grass/Poison043Oddish
95%
Grass/Poison045Vileplume
93%
Grass/Poison069Bellsprout
90%
Grass152Chikorita
90%
Bug/Grass046Paras
90%
Bug/Grass047Parasect
90%
Grass114Tangela
90%
Grass153Bayleef
88%
Grass/Flying189Jumpluff
88%
Grass154Meganium
88%
Grass/Dark274Nuzleaf
88%
Grass495Snivy
88%
Grass/Poison071Victreebel
88%
Grass/Poison070Weepinbell
88%
Grass253Grovyle
85%
Grass254Sceptile
85%
Grass497Serperior
85%
Grass/Dark275Shiftry
85%
Grass/Ground389Torterra
85%
Grass252Treecko
85%
Grass387Turtwig
85%
Grass/Ice460Abomasnow
83%
Grass/Psychic102Exeggcute
83%
Grass/Psychic103Exeggutor
83%
Grass388Grotle
83%
Water/Grass271Lombre
83%
Water/Grass270Lotad
83%
Water/Grass272Ludicolo
83%
Psychic/Grass251Celebi
80%
Grass/Ghost724Decidueye
80%
Grass810Grookey
80%
Grass/Flying187Hoppip
80%
Grass/Flying722Rowlet
80%
Grass273Seedot
80%
Grass496Servine
80%
Grass/Flying188Skiploom
80%
Grass465Tangrowth
80%
Grass182Bellossom
78%
Grass/Fighting286Breloom
78%
Grass/Fighting652Chesnaught
78%
Grass650Chespin
78%
Grass/Ice459Snover
78%
Grass/Poison407Roserade
76%
Grass285Shroomish
76%
Grass/Flying357Tropius
76%
Rock/Grass346Cradily
73%
Grass/Steel597Ferroseed
73%
Grass/Steel598Ferrothorn
73%
Grass470Leafeon
73%
Rock/Grass345Lileep
73%
Grass/Poison315Roselia
73%
Bug/Grass540Sewaddle
73%
Ghost/Grass709Trevenant
73%
Grass/Fighting640Virizion
73%
Grass/Fairy547Whimsicott
73%
Grass/Poison406Budew
71%
Grass/Flying723Dartrix
71%
Bug/Grass542Leavanny
71%
Ghost/Grass710Pumpkaboo
71%
Grass651Quilladin
71%
Grass812Rillaboom
71%
Grass/Dragon842Appletun
68%
Grass/Dragon840Applin
68%
Grass331Cacnea
68%
Grass/Dark332Cacturne
68%
Grass/Fairy546Cottonee
68%
Grass/Dragon841Flapple
68%
Grass811Thwackey
68%
Ghost/Grass711Gourgeist
66%
Ghost/Grass708Phantump
66%
Bug/Grass541Swadloon
66%
Grass/Steel798Kartana
63%
Grass549Lilligant
63%
Grass511Pansage
63%
Grass | Grass/Flying492Shaymin
63%
Grass512Simisage
63%
Ghost/Grass781Dhelmise
61%
Grass673Gogoat
61%
Grass548Petilil
61%
Grass192Sunflora
61%
Normal/Grass585Deerling
59%
Grass754Lurantis
59%
Normal/Grass586Sawsbuck
59%
Grass672Skiddo
59%
Grass191Sunkern
59%
Grass/Fairy787Tapu Bulu
59%
Grass/Poison591Amoonguss
56%
Grass761Bounsweet
56%
Grass/Poison590Foongus
56%
Grass762Steenee
56%
Grass763Tsareena
56%
Grass753Fomantis
54%
Grass455Carnivine
51%
Grass830Eldegoss
51%
Grass829Gossifleur
51%
Grass/Fairy755Morelull
51%
Grass/Fairy756Shiinotic
51%
Grass556Maractus
49%
Grass421Cherrim
46%
Grass420Cherubi
46%

Score Distribution

Percentile by Number Answered

Percent of People with Each Score

Your Score History

You have not taken this quiz since the last reset